000 01136nam1a2200301 i 4500
001 RU\NLR\bibl\1478956
005 20241215161926.0
010 _a978-5-89777-162-2
_bобщ.
035 _a(NLR Aleph) 001470617
090 _a1641275
_c1641275
100 _a20100301g20099999k y0rusy50 ca
101 1 _arus
_ceng
102 _aRU
105 _a||||z |||||
200 1 _aПортреты гомеопатических препаратов
_eпсихосоматический анализ избранных конституциональных типов
_fКэтрин Р. Култер
_g[ред. пер.: Захаренков В.М.]
205 _a[Изд. 5-е]
210 _aМосква
_cГомеопатическая медицина
_d2009
215 _d21
463 0 _10011468645
463 0 _10011467604
606 1 _aГомеопатические лекарства
_9902765
_3RU\NLR\auth\66328484
686 _aР359.181
700 1 _aКултер
_bК. Р.
_gКэтрин Р
_4070
801 0 _aRU
_bNLR
_c20100301
_gRCR
801 1 _aRU
_bNLR
_c20100301
852 _aNLR
_j2010-3/2410
942 _cBOOK